=LDR 00000nam 2200000 4500 =001 NUTBA000000000001792 =005 20221108095306 =035 ##$$a 0010-051400000000257 =008 221108################g##########0#ind## =020 ##$$a 602-8051-00-2 =040 ##$$a NBPDMAT =082 ##$$a 658.1 =090 ##$$a 658..$bSur k =100 ##$$a Suryana, Agus =245 1#$$a kiat suskes mengelola modal dan aset perusahaan /$c Agus Suryana,Dwi Karyani =260 ##$$a Jakarta :$b Khilma Pustaka,$c 2007. =300 ##$$a viii,172 hlm. ; $c 14x21 cm. =500 ##$$a Bibliografi hlm.172 =650 #4$$a Manajemen =850 ##$$a NBPNMAT =084 ##$$a 658.1 SUR k =990 ##$$a 21400406/BPAP-NTB/2014 =990 ##$$a 0001/BPAP-NTB/20142014 =990 ##$$a 27702770 =990 ##$$a 30709561 =990 ##$$a 21400406/BPAP-NTB/2014 =990 ##$$a 0001/BPAP-NTB/20142014